000 03704cam a22006734i 4500
003 PE-LiUPU
005 20250731165447.0
008 150617s1854 fr r 000 0 spa d
035 _a(Sirsi) a18872
035 _a(Sirsi) a18872
040 _aPE-LiUPU
_bspa
_cPE-LiUPU
_erda
049 _aPRUA
082 0 4 _a220.47
_bSc2
_221
130 _aBiblia
_lEspañol
_sVulgata Latina
_f1854.
245 1 3 _aLa Biblia Vulgata Latina /
_cTraducido por Felipe Scio de San Miguel.
264 1 _aParís :
_bLibrería de Rosa y Bouret,
_c1854.
300 _a5 t. ;
_c25 cm
336 _atext
_2rdacontent
337 _aunmediated
_2rdamedia
338 _avolume
_2rdacarrier
500 _aIncluye deuterocanónicos.
505 0 _aT1: Génesis - Josué -- T2:Los Jueces - Esther -- T3:Job - El Ecclesiástico -- T4: La Profecía de Isaías - Libro segunde de los Machabéos -- T5: Evangelio de San Mathéo - Apocalipsis -- Tablas cronológicas.
526 _aSEG44
526 _aSEG26
526 _aP151
526 _aP150
526 _aP149
526 _aP146
526 _aP145
526 _aP126
526 _aP125
526 _aP92
526 _aP75
526 _aP74
526 _aP27
526 _aP15
630 _aBiblia
_lEspañol
_sVulgata Latina
_f1854.
700 1 _aScio de San Miguel, Don Felipe,
_etraductor.
700 1 _aScio de San Miguel, Felipe,
_etraductor.
910 _ajck
_bjvq
_cjck
_d20150616
942 _2ddc
_cBOOK
949 _a220.47 SC2
_wDEWEY
_c1
_i04611
_lRC
_mBUL
_r0
_sY
_tBOOK
_u2015-4-22
_xTEOLOGIA
_PP35
_0COMPRA
_o.CIRCNOTE. No olvidar cambiar la fecha de devolución!!!!!!!
_o.STAFF. Colección General
949 _a220.47 SC2
_wDEWEY
_c2
_i04608
_lRC
_mBUL
_r0
_sY
_tBOOK
_u2015-4-22
_xTEOLOGIA
_PP35
_0COMPRA
_o.CIRCNOTE. No olvidar cambiar la fecha de devolución!!!!!!!
_o.STAFF. Colección General
949 _a220.47 SC2
_wDEWEY
_c3
_i04609
_lRC
_mBUL
_r0
_sY
_tBOOK
_u2015-4-22
_xTEOLOGIA
_PP35
_0COMPRA
_o.CIRCNOTE. No olvidar cambiar la fecha de devolución!!!!!!!
_o.STAFF. Colección General
949 _a220.47 SC2
_wDEWEY
_c4
_i04610
_lRC
_mBUL
_r0
_sY
_tBOOK
_u2015-4-22
_xTEOLOGIA
_PP35
_0COMPRA
_o.CIRCNOTE. No olvidar cambiar la fecha de devolución!!!!!!!
_o.STAFF. Colección General
949 _a220.47 SC2
_wDEWEY
_c5
_i04612
_lRC
_mBUL
_r0
_sY
_tBOOK
_u2015-4-22
_xTEOLOGIA
_PP35
_0COMPRA
_o.CIRCNOTE. No olvidar cambiar la fecha de devolución!!!!!!!
_o.STAFF. Colección General
994 _aC0
_bPEPRU
596 _a1
999 _aRC 220.47 SC2
_wDEWEY
_c18612
_i04611
_d18612
_f2019-12-11
_g6
_lDISCARD
_mBUL
_q1
_r1
_sY
_tBOOK
_u2015-4-22
_xTEOLOGIA
_PP35
_0COMPRA
_o.CIRCNOTE. No olvidar cambiar la fecha de devolución!!!!!!!
_o.STAFF. Colección General
999 _aRC 220.47 SC2
_wDEWEY
_c2
_i04608
_d2019-6-25
_f2021-11-8
_g6
_lCCODEBUL1
_mBUL
_q2
_r1
_sY
_tBOOK
_u2015-4-22
_xTEOLOGIA
_PP35
_0COMPRA
_o.CIRCNOTE. No olvidar cambiar la fecha de devolución!!!!!!!
_o.STAFF. Colección General
999 _aRC 220.47 SC2
_wDEWEY
_c3
_i04609
_f2021-11-8
_g6
_lCCODEBUL1
_mBUL
_r1
_sY
_tBOOK
_u2015-4-22
_xTEOLOGIA
_PP35
_0COMPRA
_o.CIRCNOTE. No olvidar cambiar la fecha de devolución!!!!!!!
_o.STAFF. Colección General
999 _aRC 220.47 SC2
_wDEWEY
_c4
_i04610
_f2021-11-8
_g7
_lCCODEBUL1
_mBUL
_r1
_sY
_tBOOK
_u2015-4-22
_xTEOLOGIA
_PP35
_0COMPRA
_o.CIRCNOTE. No olvidar cambiar la fecha de devolución!!!!!!!
_o.STAFF. Colección General
999 _aRC 220.47 SC2
_wDEWEY
_c5
_i04612
_d2019-5-10
_f2021-11-8
_g7
_lCCODEBUL1
_mBUL
_q2
_r1
_sY
_tBOOK
_u2015-4-22
_xTEOLOGIA
_PP35
_0COMPRA
_o.CIRCNOTE. No olvidar cambiar la fecha de devolución!!!!!!!
_o.STAFF. Colección General
980 _81
_gALBERTO SANCHEZ Responsable de Automatización